[Event "87o Campeonato Brasileiro Absoluto Final Aberta"]
[Site "Cuiaba MT"]
[Date "2021.10.28"]
[Round "1"]
[Board "28"]
[White "Bisesar, Maycon Da Costa"]
[Black "Brito, Luismar"]
[Result "0-1"]
[WhiteElo "1742"]
[BlackElo "2198"]
[PlyCount "68"]
[EventDate "2021.10.28"]
[EventRounds "11"]
[EventCountry "BRA"]

1. d4 Nf6 2. c4 e6 3. Nc3 Bb4 4. Qc2 c5 5. e3 Nc6 6. Nf3 d5 7. a3 Bxc3+ 8. bxc3
O-O 9. Bd3 Re8 10. Ne5 Nxe5 11. dxe5 dxc4 12. Bxc4 Nd7 13. Qe4 Qc7 14. f4 Nf8
15. O-O Bd7 16. Rd1 Bc6 17. Qc2 Rad8 18. Bd2 b5 19. Bf1 c4 20. Be1 Nd7 21. Bh4
Rc8 22. Ra2 Nc5 23. Rd4 Qb7 24. Rb2 Be4 25. Qd1 Na4 26. Qc1 Nxb2 27. Qxb2 a5
28. Be1 Red8 29. Qd2 Rxd4 30. exd4 Bf5 31. Be2 b4 32. axb4 axb4 33. Qb2 b3 34.
Kf2 Ra8   0-1

[Event "87o Campeonato Brasileiro Absoluto Final Aberta"]
[Site "Cuiaba MT"]
[Date "2021.10.28"]
[Round "1"]
[Board "29"]
[White "Jordao Barbosa, Marcio"]
[Black "Vargas, Roberto Carlos Melgarejo"]
[Result "1-0"]
[WhiteElo "2183"]
[BlackElo "1722"]
[PlyCount "41"]
[EventDate "2021.10.28"]
[EventRounds "11"]
[EventCountry "BRA"]

1. e4 c5 2. Nf3 g6 3. d4 cxd4 4. Nxd4 Nc6 5. Nc3 Bg7 6. Be3 Nf6 7. Bc4 Qa5 8.
O-O O-O 9. Bb3 d6 10. h3 a6 11. Qe1 Bd7 12. Rd1 Qc7 13. f4 b5 14. Qh4 e6 15. f5
b4 16. fxe6 bxc3 17. exd7 Nxd7 18. Nxc6 Qxc6 19. Bd5 Qc7 20. Bxa8 Rxa8 21. Qe7
  1-0

[Event "87o Campeonato Brasileiro Absoluto Final Aberta"]
[Site "Cuiaba MT"]
[Date "2021.10.28"]
[Round "1"]
[Board "30"]
[White "Arruda Filho, Ivo Pereira De"]
[Black "Carstens Dobuchak, Thiago"]
[Result "0-1"]
[WhiteElo "1718"]
[BlackElo "2179"]
[PlyCount "62"]
[EventDate "2021.10.28"]
[EventRounds "11"]
[EventCountry "BRA"]

1. Nf3 c5 2. g3 Nc6 3. Bg2 g6 4. d3 Bg7 5. O-O e6 6. c3 Nge7 7. Nbd2 O-O 8. Re1
d5 9. Qc2 e5 10. e4 d4 11. c4 h6 12. a3 Be6 13. h4 Rb8 14. Nf1 Qd7 15. Bd2 Nc8
16. b4 b6 17. Qc1 Kh7 18. b5 Nd8 19. a4 f6 20. N3h2 Nd6 21. Nf3 N8f7 22. Qa3 f5
23. exf5 gxf5 24. Qc1 e4 25. dxe4 fxe4 26. N3h2 Bxc4 27. Bxe4+ Nxe4 28. Qxc4
Ne5 29. Qe2 Nxf2 30. Bf4 Nh3+ 31. Kg2 Rxf4   0-1

[Event "87o Campeonato Brasileiro Absoluto Final Aberta"]
[Site "Cuiaba MT"]
[Date "2021.10.28"]
[Round "1"]
[Board "31"]
[White "Abrantes, Tiago Garrido"]
[Black "Boabaid, Jorge Alberto Duardes"]
[Result "1-0"]
[WhiteElo "2178"]
[BlackElo "1712"]
[PlyCount "49"]
[EventDate "2021.10.28"]
[EventRounds "11"]
[EventCountry "BRA"]

1. d4 Nf6 2. c4 e6 3. g3 d5 4. Nf3 c6 5. Bg2 Bd6 6. Qc2 Nbd7 7. Nbd2 e5 8. cxd5
cxd5 9. dxe5 Nxe5 10. Nxe5 Bxe5 11. Nf3 Bd6 12. O-O h6 13. b3 O-O 14. Bb2 Bg4
15. Qd3 Re8 16. e3 Rc8 17. Rac1 Rxc1 18. Rxc1 Qe7 19. Bxf6 Qxf6 20. Qxd5 Qb2
21. Rd1 Bc7 22. Qc4 Bxf3 23. Bxf3 Bb6 24. Rd7 Qf6 25. Rxf7   1-0

[Event "87o Campeonato Brasileiro Absoluto Final Aberta"]
[Site "Cuiaba MT"]
[Date "2021.10.28"]
[Round "1"]
[Board "32"]
[White "Melo, Igor De Souza"]
[Black "Ribeiro, Matheus Mendes Domingues"]
[Result "0-1"]
[WhiteElo "1710"]
[BlackElo "2177"]
[PlyCount "110"]
[EventDate "2021.10.28"]
[EventRounds "11"]
[EventCountry "BRA"]

1. d4 d5 2. Bf4 Nf6 3. e3 e6 4. Nf3 Bd6 5. Bg3 b6 6. Bd3 Bb7 7. Qe2 c5 8. c3
Nc6 9. a3 O-O 10. Nbd2 Re8 11. Ne5 Qc7 12. f4 Ne7 13. Bh4 Ne4 14. Bb5 Rf8 15.
Bxe7 Qxe7 16. Nxe4 dxe4 17. Bc6 Bxc6 18. Nxc6 Qc7 19. Ne5 f6 20. Nc4 cxd4 21.
cxd4 Rac8 22. Nxd6 Qxd6 23. O-O Rc6 24. Rfc1 Rfc8 25. Qd2 a5 26. Rxc6 Qxc6 27.
Rd1 Kf7 28. Kf2 Ke7 29. b4 a4 30. g4 Qc3 31. f5 Qxd2+ 32. Rxd2 Rc3 33. Ra2 exf5
34. gxf5 Kd6 35. Kg3 Rxe3+ 36. Kf4 Re1 37. Rg2 Kd5 38. Rxg7 Rf1+ 39. Ke3 Rf3+
40. Ke2 Kxd4 41. Rb7 Rxa3 42. Rxb6 Ra2+ 43. Kf1 Rxh2 44. Rxf6 a3 45. Ra6 a2 46.
Kg1 Rb2 47. f6 Rb1+ 48. Kf2 a1=Q 49. Rxa1 Rxa1 50. f7 Ra8 51. b5 Rf8 52. b6
Rxf7+ 53. Ke2 e3 54. Ke1 Kd3 55. b7 e2   0-1

[Event "87o Campeonato Brasileiro Absoluto Final Aberta"]
[Site "Cuiaba MT"]
[Date "2021.10.28"]
[Round "1"]
[Board "34"]
[White "Franco Filho, Sinvaldo Barreiros"]
[Black "Sega, Carlos Alberto"]
[Result "0-1"]
[WhiteElo "1702"]
[BlackElo "2164"]
[PlyCount "88"]
[EventDate "2021.10.28"]
[EventRounds "11"]
[EventCountry "BRA"]

1. e4 e5 2. Nf3 Nc6 3. Bb5 a6 4. Ba4 Nf6 5. d3 d6 6. O-O Be7 7. h3 O-O 8. c3 b5
9. Bc2 Bb7 10. d4 exd4 11. cxd4 Nb4 12. Nc3 Nxc2 13. Qxc2 b4 14. e5 dxe5 15.
dxe5 bxc3 16. exf6 Bxf6 17. Rd1 Qc8 18. Ng5 Bxg5 19. Bxg5 cxb2 20. Qxb2 Be4 21.
Rac1 Qf5 22. Bh4 c6 23. Rd6 Bd5 24. Qd4 Rfe8 25. Qa1 Qe4 26. Rxd5 cxd5 27. Bg3
d4 28. Kh2 d3 29. Rc5 d2 30. Rg5 g6 31. f3 Qe1 32. Qf6 Qxg3+ 33. Rxg3 d1=Q 34.
h4 Qd8 35. Qf4 Rc8 36. h5 Qc7 37. Qd4 Qe5 38. Qd7 Qxh5+ 39. Rh3 Qe5+ 40. Rg3
Rc4 41. f4 Rxf4 42. Kg1 Rd4 43. Qh3 Rd1+ 44. Kh2 Rd3   0-1

[Event "87o Campeonato Brasileiro Absoluto Final Aberta"]
[Site "Cuiaba MT"]
[Date "2021.10.28"]
[Round "1"]
[Board "35"]
[White "Zallio, Luciano De Souza"]
[Black "Damasceno, Enzo De Carvalho"]
[Result "1-0"]
[WhiteElo "2163"]
[BlackElo "1692"]
[PlyCount "127"]
[EventDate "2021.10.28"]
[EventRounds "11"]
[EventCountry "BRA"]

1. e4 e6 2. d4 d5 3. e5 c5 4. c3 Nc6 5. Nf3 Qb6 6. Bd3 cxd4 7. cxd4 Bd7 8. Bc2
Nb4 9. O-O Rc8 10. Nc3 Nxc2 11. Qxc2 Bb4 12. a3 Bxc3 13. bxc3 Qa5 14. Bd2 Qa4
15. Qb1 b6 16. Re1 Ne7 17. h4 Nc6 18. Qd3 Na5 19. Bc1 h6 20. Rb1 Qc4 21. Qd1
O-O 22. Re3 Ba4 23. Qe1 Qc6 24. Nd2 Bc2 25. Rb4 Bg6 26. Rg3 h5 27. Qe2 Qd7 28.
Nf1 Nc4 29. a4 Rb8 30. Rg5 Qe8 31. Ng3 f6 32. exf6 gxf6 33. Rxg6+ Qxg6 34.
Qxe6+ Qf7 35. Qf5 Nd6 36. Qf3 Rfe8 37. Bf4 Rbd8 38. Nxh5 Nf5 39. Qg4+ Ng7 40.
Bh6 Re1+ 41. Kh2 Qc7+ 42. g3 Re7 43. Bxg7 Rxg7 44. Qxg7+ Qxg7 45. Nxg7 Kxg7 46.
a5 Rd6 47. g4 Kg6 48. axb6 axb6 49. Kg3 Rc6 50. Rb3 f5 51. f3 fxg4 52. fxg4 Re6
53. Kf4 Re4+ 54. Kf3 Re6 55. Rb5 Rc6 56. Kf4 Rxc3 57. Rxb6+ Kf7 58. Rd6 Rd3 59.
Rxd5 Ke6 60. Re5+ Kf6 61. g5+ Kg6 62. Re6+ Kf7 63. Rf6+ Kg7 64. Ke5   1-0

[Event "87o Campeonato Brasileiro Absoluto Final Aberta"]
[Site "Cuiaba MT"]
[Date "2021.10.28"]
[Round "1"]
[Board "36"]
[White "Cardoso, Lucca Pimenta"]
[Black "Souza, Rafael Cabral De"]
[Result "0-1"]
[WhiteElo "1690"]
[BlackElo "2162"]
[PlyCount "138"]
[EventDate "2021.10.28"]
[EventRounds "11"]
[EventCountry "BRA"]

1. d4 Nf6 2. Nf3 c5 3. c3 cxd4 4. cxd4 g6 5. Nc3 Bg7 6. e4 d6 7. Bc4 O-O 8. O-O
Nxe4 9. Nxe4 d5 10. Bd3 dxe4 11. Bxe4 Nd7 12. Bf4 Qb6 13. Qe2 Nf6 14. Rfd1 Nxe4
15. Qxe4 Bg4 16. Rd2 Bxf3 17. gxf3 e6 18. Rad1 Rad8 19. b3 Rd5 20. Be5 Rfd8 21.
Bxg7 Kxg7 22. Rd3 R8d7 23. f4 Qd8 24. Kg2 Qh4 25. Qf3 b6 26. Qg3 Qf6 27. Qe3
Rf5 28. Kg3 g5 29. Qe4 Rxf4 30. Qe5 Rxf2 31. Qxf6+ Rxf6 32. d5 exd5 33. Rxd5
Rxd5 34. Rxd5 Kg6 35. b4 Rc6 36. a4 Rc3+ 37. Kg2 Rc4 38. Rb5 h5 39. a5 Rc6 40.
axb6 Rxb6 41. Ra5 a6 42. Kg3 h4+ 43. Kf3 f5 44. h3 Kf6 45. Kf2 Rxb4 46. Rxa6+
Ke5 47. Ra3 Rb2+ 48. Kg1 Re2 49. Rb3 Kf4 50. Rb4+ Re4 51. Rb5 Re3 52. Kg2 Re2+
53. Kf1 Re5 54. Rb4+ Kf3 55. Rb3+ Re3 56. Rb5 Kg3 57. Rb8 Kxh3 58. Kf2 f4 59.
Rb4 Kg4 60. Rb2 h3 61. Kf1 Kg3 62. Rb5 g4 63. Rh5 Ra3 64. Rh6 h2 65. Ke2 Kg2
66. Rg6 f3+ 67. Kd2 g3 68. Kc2 f2 69. Rg4 Kg1   0-1

[Event "87o Campeonato Brasileiro Absoluto Final Aberta"]
[Site "Cuiaba MT"]
[Date "2021.10.28"]
[Round "1"]
[Board "37"]
[White "Silva, Lucas Henrique Da"]
[Black "Fernandes, Pedro Guilherme Muniz"]
[Result "0-1"]
[WhiteElo "2158"]
[BlackElo "1682"]
[PlyCount "52"]
[EventDate "2021.10.28"]
[EventRounds "11"]
[EventCountry "BRA"]

1. Nf3 Nf6 2. c4 g6 3. Nc3 c5 4. g3 Nc6 5. Bg2 Bg7 6. O-O O-O 7. d3 d5 8. cxd5
Nxd5 9. Nxd5 Qxd5 10. Be3 Bxb2 11. Rb1 Bg7 12. Nd4 Qxa2 13. Nxc6 bxc6 14. Bxc5
Bg4 15. f3 Qd5 16. Bxe7 Rfe8 17. Ba3 Qa2 18. Qb3 Rxe2 19. Qxa2 Rxa2 20. fxg4
Rxa3 21. Bxc6 Rc8 22. Bb5 Bd4+ 23. Kh1 Rc7 24. Bc4 Kg7 25. Kg2 Rc3 26. Kf3
R7xc4   0-1

[Event "87o Campeonato Brasileiro Absoluto Final Aberta"]
[Site "Cuiaba MT"]
[Date "2021.10.28"]
[Round "1"]
[Board "38"]
[White "Bueno, Marcos Antonio Ferreira"]
[Black "Zanette, Edgard Vinicius"]
[Result "0-1"]
[WhiteElo "1661"]
[BlackElo "2157"]
[PlyCount "82"]
[EventDate "2021.10.28"]
[EventRounds "11"]
[EventCountry "BRA"]

1. Nf3 d5 2. g3 c6 3. Bg2 Bg4 4. O-O Nd7 5. d3 e5 6. e4 dxe4 7. dxe4 Ngf6 8.
Re1 Bc5 9. Nc3 h6 10. a3 Qc7 11. Be3 O-O 12. h3 Be6 13. Qd2 Rfd8 14. Rad1 Nb6
15. Qc1 Bf8 16. b3 Nbd7 17. Nh4 Qa5 18. Nb1 Kh7 19. b4 Qc7 20. c4 Nb6 21. c5
Nc4 22. Nc3 b5 23. f4 Rxd1 24. Rxd1 Rd8 25. fxe5 Rxd1+ 26. Nxd1 Qxe5 27. Kh2
Nxe3 28. Qxe3 g6 29. Nf2 Bg7 30. Nf3 Qc7 31. Nd3 a5 32. Nf4 Bc8 33. Nd4 axb4
34. axb4 Nd7 35. Nf3 Ne5 36. Nxe5 Qxe5 37. Nd3 Qd4 38. Qf3 Be6 39. Bf1 g5 40.
Be2 Kg8 41. Kg2 f5   0-1

[Event "87o Campeonato Brasileiro Absoluto Final Aberta"]
[Site "Cuiaba MT"]
[Date "2021.10.28"]
[Round "1"]
[Board "39"]
[White "Gauche, Charles"]
[Black "Romais, Rodrigo"]
[Result "1-0"]
[WhiteElo "2155"]
[BlackElo "1652"]
[PlyCount "83"]
[EventDate "2021.10.28"]
[EventRounds "11"]
[EventCountry "BRA"]

1. e4 e6 2. d4 d5 3. Nd2 c5 4. Ngf3 Nc6 5. exd5 Qxd5 6. Bc4 Qd8 7. Nb3 cxd4 8.
O-O Nf6 9. Nbxd4 Bd7 10. Qe2 Bc5 11. Be3 Nxd4 12. Nxd4 O-O 13. Nxe6 Bxe6 14.
Bxc5 Bxc4 15. Qxc4 Rc8 16. Qb4 Re8 17. c3 a5 18. Qb6 Qd5 19. Be3 Re6 20. Qd4
Qh5 21. h3 Rce8 22. Rfe1 h6 23. Qd1 Qb5 24. b3 Nd5 25. c4 Nxe3 26. Rxe3 Qf5 27.
Rxe6 Rxe6 28. Qd8+ Kh7 29. Qd2 Qf6 30. Rd1 Qe7 31. Qxa5 Ra6 32. Qf5+ g6 33. Qd7
Qf6 34. a4 Rb6 35. Rd3 Qa1+ 36. Kh2 Qe5+ 37. Kg1 Qe1+ 38. Kh2 Qe5+ 39. g3 Qf6
40. Kg2 Re6 41. Rf3 Qe7 42. Rxf7+   1-0

[Event "87o Campeonato Brasileiro Absoluto Final Aberta"]
[Site "Cuiaba MT"]
[Date "2021.10.28"]
[Round "1"]
[Board "40"]
[White "Carmo, Jose Arlindo"]
[Black "Luz, Arthur Nader"]
[Result "0-1"]
[WhiteElo "1650"]
[BlackElo "2149"]
[PlyCount "54"]
[EventDate "2021.10.28"]
[EventRounds "11"]
[EventCountry "BRA"]

1. e4 Nf6 2. e5 Nd5 3. d4 d6 4. c4 Nb6 5. f4 g6 6. Nf3 Bg7 7. Be2 dxe5 8. fxe5
c5 9. d5 O-O 10. O-O Bg4 11. Bf4 N8d7 12. Nbd2 Bxf3 13. Nxf3 Qb8 14. Bg3 Nxe5
15. Kh1 Nbd7 16. Qc2 Qd8 17. Rad1 Ng4 18. Rd3 Bh6 19. Qb3 f5 20. Bh4 Nge5 21.
d6 g5 22. Nxg5 exd6 23. Rg3 Ng6 24. Nf3 Qe8 25. Re1 f4 26. Rg4 Qe6 27. Ng5 Qf5
{As brancas perdem por tempo.}   0-1

[Event "87o Campeonato Brasileiro Absoluto Final Aberta"]
[Site "Cuiaba MT"]
[Date "2021.10.28"]
[Round "1"]
[Board "41"]
[White "Lage, Pedro Ferreira"]
[Black "De Oliveira Filho, Fernando F"]
[Result "1-0"]
[WhiteElo "2144"]
[BlackElo "1638"]
[PlyCount "73"]
[EventDate "2021.10.28"]
[EventRounds "11"]
[EventCountry "BRA"]

1. Nf3 e6 2. g3 d5 3. Bg2 c5 4. O-O Nc6 5. d4 Nf6 6. c4 dxc4 7. Qa4 Bd7 8. Qxc4
b6 9. Rd1 Rc8 10. Ne5 Na5 11. Qd3 cxd4 12. Bg5 Be7 13. Qxd4 Bb5 14. Nc3 Qxd4
15. Rxd4 Bc6 16. Nxc6 Nxc6 17. Rc4 Bc5 18. Bxf6 gxf6 19. Ne4 Ne5 20. Rc3 Ke7
21. Rac1 f5 22. Nxc5 Rxc5 23. Rxc5 bxc5 24. Rxc5 Kd6 25. Ra5 Rc8 26. Ra6+ Kc7
27. Rxa7+ Kb6 28. Rb7+ Ka6 29. h3 Rc1+ 30. Kh2 Rc2 31. Rb4 Ka5 32. a3 Rxe2 33.
Bf1 Re1 34. Kg2 Nc6 35. Rb5+ Ka4 36. Rb7 Na5 37. Rb4#   1-0

[Event "87o Campeonato Brasileiro Absoluto Final Aberta"]
[Site "Cuiaba MT"]
[Date "2021.10.28"]
[Round "1"]
[Board "42"]
[White "Nascimento, Davi De Araujo"]
[Black "Oliveira, Leonardo Tadeu De Alme"]
[Result "0-1"]
[WhiteElo "1628"]
[BlackElo "2121"]
[PlyCount "76"]
[EventDate "2021.10.28"]
[EventRounds "11"]
[EventCountry "BRA"]

1. e4 c6 2. d4 d5 3. Nc3 dxe4 4. Nxe4 Nf6 5. Ng3 g6 6. Nf3 Bg7 7. Be2 O-O 8.
O-O Qc7 9. Re1 Rd8 10. c3 Nbd7 11. Qb3 e5 12. Bc4 Nd5 13. Bg5 Re8 14. Bxd5 cxd5
15. Qxd5 Nb6 16. Qb3 Be6 17. Qb5 h6 18. Be3 Bc4 19. Qa5 e4 20. Nd2 Bd3 21. f3
exf3 22. Nxf3 Rad8 23. Bf2 Bc4 24. Nd2 Bd5 25. Qb5 Bc6 26. Qa5 h5 27. Rxe8+
Rxe8 28. Re1 Rxe1+ 29. Bxe1 Qf4 30. Ngf1 Qg4 31. g3 Qh3 32. Ne3 Bh6 33. Ndf1
Nc4 34. Qd8+ Kg7 35. Kf2 Nxe3 36. Nxe3 Qxh2+ 37. Kf1 Bxe3 38. d5 Bb5+   0-1

[Event "87o Campeonato Brasileiro Absoluto Final Aberta"]
[Site "Cuiaba MT"]
[Date "2021.10.28"]
[Round "1"]
[Board "43"]
[White "Mazetto, Sergio Luiz"]
[Black "Da Cruz, Emerson"]
[Result "1/2-1/2"]
[WhiteElo "2119"]
[BlackElo "1623"]
[PlyCount "138"]
[EventDate "2021.10.28"]
[EventRounds "11"]
[EventCountry "BRA"]

1. d4 d5 2. Bg5 Nf6 3. Bxf6 exf6 4. e3 Bf5 5. Nf3 Nd7 6. c4 dxc4 7. Bxc4 c5 8.
Nc3 Nb6 9. Bb5+ Nd7 10. O-O a6 11. Be2 Bg4 12. a3 Rc8 13. h3 Bh5 14. Re1 Be7
15. d5 Bd6 16. Nh4 Bxe2 17. Qxe2 g6 18. Qd2 O-O 19. Nf3 Re8 20. e4 b5 21. Qc2
c4 22. Re2 Nc5 23. Nd4 Qb6 24. Nc6 Nb3 25. Rd1 Be5 26. Kh1 Rxc6 27. dxc6 Nd4
28. Rxd4 Bxd4 29. Nd5 Qxc6 30. Qd2 Qc5 31. Qf4 Kg7 32. Nc7 Rc8 33. Nxa6 Qh5 34.
Qg4 Qxg4 35. hxg4 Bc5 36. Rd2 Rc6 37. Nb4 Bxb4 38. axb4 c3 39. bxc3 Rxc3 40.
Rd5 Rc4 41. Rxb5 Rxe4 42. f3 Rc4 43. Kh2 f5 44. gxf5 gxf5 45. Rb6 f4 46. b5 Rb4
47. Kh3 Rb2 48. Rb8 Kf6 49. b6 Kg7 50. g3 fxg3 51. Kxg3 Kf6 52. Kg4 Rb4+ 53.
Kh5 Kf5 54. Kh6 Kf4 55. Kxh7 f5 56. Kg6 Rb5 57. Kf6 Kxf3 58. Ke6 f4 59. Kd6 Kf2
60. Kc6 Rb3 61. Rf8 f3 62. b7 Rc3+ 63. Kd5 Rb3 64. b8=Q Rxb8 65. Rxb8 Kg2 66.
Rg8+ Kh2 67. Rf8 Kg2 68. Ke4 f2 69. Rxf2+ Kxf2   1/2-1/2

[Event "87o Campeonato Brasileiro Absoluto Final Aberta"]
[Site "Cuiaba MT"]
[Date "2021.10.28"]
[Round "1"]
[Board "44"]
[White "Campos, Otavio Moraes"]
[Black "Trevisan, Rodrigo"]
[Result "0-1"]
[WhiteElo "1619"]
[BlackElo "2111"]
[PlyCount "54"]
[EventDate "2021.10.28"]
[EventRounds "11"]
[EventCountry "BRA"]

1. c4 e5 2. Nc3 Bb4 3. g3 Nf6 4. Bg2 c6 5. d3 d5 6. cxd5 cxd5 7. Bd2 O-O 8. a3
Bc5 9. b4 Bd4 10. Nf3 Bg4 11. O-O Re8 12. Re1 Bb6 13. Rc1 Nc6 14. Na4 e4 15.
Nxb6 Qxb6 16. dxe4 dxe4 17. Be3 Qa6 18. Ng5 Qxa3 19. b5 Rad8 20. Qc2 Nb4 21.
Qc4 Nbd5 22. Bc5 Qb2 23. Bd4 Qd2 24. h4 Rc8 25. Rcd1 Qxe1+ 26. Rxe1 Rxc4 27.
Bxa7 b6   0-1

[Event "87o Campeonato Brasileiro Absoluto Final Aberta"]
[Site "Cuiaba MT"]
[Date "2021.10.28"]
[Round "1"]
[Board "45"]
[White "Almeida Junior, Alvaro Alves De"]
[Black "Bocca, Edson Ricardo"]
[Result "1-0"]
[WhiteElo "2106"]
[BlackElo "1617"]
[PlyCount "67"]
[EventDate "2021.10.28"]
[EventRounds "11"]
[EventCountry "BRA"]

1. e4 e5 2. Nc3 Nc6 3. f4 Nf6 4. Nf3 d6 5. Bb5 Bd7 6. d3 Nd4 7. Bxd7+ Qxd7 8.
Nxd4 exd4 9. Ne2 c5 10. O-O O-O-O 11. c3 dxc3 12. bxc3 Qc6 13. Bb2 Be7 14. c4
Rhg8 15. Nc3 a6 16. e5 Nd7 17. Nd5 Rde8 18. Qh5 dxe5 19. fxe5 Qg6 20. Qh3 Bd8
21. Rae1 Re6 22. Nf4 Qh6 23. Nxe6 Qxh3 24. gxh3 fxe6 25. Rf7 Kc7 26. Re4 Kc6
27. Rg4 h6 28. Rgxg7 Rxg7+ 29. Rxg7 Bg5 30. Rg6 b5 31. Rxe6+ Kb7 32. Rg6 b4 33.
Rxg5 hxg5 34. e6   1-0

[Event "87o Campeonato Brasileiro Absoluto Final Aberta"]
[Site "Cuiaba MT"]
[Date "2021.10.28"]
[Round "1"]
[Board "46"]
[White "Goetten Wagner, Julia"]
[Black "Mariano, Marceley Martins"]
[Result "0-1"]
[WhiteElo "1606"]
[BlackElo "2095"]
[PlyCount "66"]
[EventDate "2021.10.28"]
[EventRounds "11"]
[EventCountry "BRA"]

1. e4 c5 2. Nf3 d6 3. d4 cxd4 4. Nxd4 Nf6 5. Nc3 e6 6. Be3 a6 7. f3 Qc7 8. Qd2
Be7 9. O-O-O Nc6 10. g4 Ne5 11. g5 Nfd7 12. f4 Nc4 13. Bxc4 Qxc4 14. f5 Ne5 15.
h4 b5 16. b3 Qb4 17. Nb1 Qxd2+ 18. Nxd2 Bd7 19. Rhf1 Rc8 20. Kb2 a5 21. N2f3
Ng4 22. Bg1 e5 23. Ne2 b4 24. Rd2 h6 25. Ng3 hxg5 26. hxg5 Rh3 27. Rg2 Rc3 28.
Nh5 Rxh5 29. Rxg4 g6 30. Rh4 Rxf3 31. Rxh5 Rxf1 32. Rh8+ Bf8 33. Bb6 gxf5   0-1

[Event "87o Campeonato Brasileiro Absoluto Final Aberta"]
[Site "Cuiaba MT"]
[Date "2021.10.28"]
[Round "1"]
[Board "47"]
[White "Urquiza, Marcello De Albuquerque"]
[Black "Olivo, Anibal Ribeiro"]
[Result "1/2-1/2"]
[WhiteElo "2093"]
[BlackElo "1588"]
[PlyCount "91"]
[EventDate "2021.10.28"]
[EventRounds "11"]
[EventCountry "BRA"]

1. e4 e5 2. Nf3 Nc6 3. d4 exd4 4. Nxd4 Nf6 5. Nc3 Bb4 6. Nxc6 bxc6 7. Bd3 d5 8.
exd5 cxd5 9. O-O O-O 10. Bg5 c6 11. Na4 h6 12. Bh4 Re8 13. c3 Be7 14. Re1 Be6
15. b4 Nh7 16. Bxe7 Rxe7 17. Bxh7+ Kxh7 18. Qd3+ Kg8 19. Nc5 Qd6 20. Nb3 Rae8
21. Re3 Bd7 22. Rae1 Rxe3 23. Rxe3 Rxe3 24. Qxe3 Qg6 25. Qd2 Bh3 26. f3 Be6 27.
Kf2 Qf6 28. Nd4 Bd7 29. a4 Qe5 30. g3 Qh5 31. Kg1 Qe5 32. a5 Qe7 33. Nb3 Qf6
34. Nc5 Be6 35. Kf2 Qe5 36. Qe3 Qf6 37. Nxe6 fxe6 38. Qxa7 Qxc3 39. Qc5 Qb2+
40. Kg1 d4 41. Qe7 Qc1+ 42. Kg2 Qc2+ 43. Kg1 d3 44. Qxe6+ Kh7 45. Qf5+ Kg8 46.
Qe6+   1/2-1/2

[Event "87o Campeonato Brasileiro Absoluto Final Aberta"]
[Site "Cuiaba MT"]
[Date "2021.10.28"]
[Round "1"]
[Board "48"]
[White "Rosa, Diego Jesus Vieira"]
[Black "Sekula, Markley Ribas"]
[Result "0-1"]
[WhiteElo "1558"]
[BlackElo "2092"]
[PlyCount "90"]
[EventDate "2021.10.28"]
[EventRounds "11"]
[EventCountry "BRA"]

1. e4 d5 2. exd5 Nf6 3. Nc3 Nxd5 4. Nxd5 Qxd5 5. Nf3 Bg4 6. Be2 Nc6 7. d4 e6 8.
Be3 b5 9. O-O Bd6 10. h3 Bh5 11. b3 O-O 12. c4 bxc4 13. bxc4 Qa5 14. Bd2 Bb4
15. Bxb4 Qxb4 16. d5 Rfd8 17. Rb1 Qa3 18. Qd2 exd5 19. cxd5 Qd6 20. Rfd1 Ne7
21. Rb5 c6 22. Rb4 cxd5 23. Rd4 f6 24. Rh4 Bg6 25. Bd3 Nf5 26. Bxf5 Bxf5 27.
Nd4 Be4 28. Nb5 Qb6 29. Nc3 Rac8 30. Nxe4 dxe4 31. Qe2 Rxd1+ 32. Qxd1 Rd8 33.
Qg4 Qb2 34. Kh2 Qxa2 35. Qxe4 Qa5 36. Qxh7+ Kf8 37. Rg4 Rd7 38. h4 Qe5+ 39. Rg3
a5 40. Qh8+ Ke7 41. Qxg7+ Kd6 42. Qg4 f5 43. Qf3 Rg7 44. Qe3 Rxg3 45. Qh6+ Rg6+
  0-1

[Event "87o Campeonato Brasileiro Absoluto Final Aberta"]
[Site "Cuiaba MT"]
[Date "2021.10.28"]
[Round "1"]
[Board "49"]
[White "Souza Neves, Andrey M."]
[Black "Farias, Sergio Luiz Cardoso"]
[Result "1-0"]
[WhiteElo "2087"]
[BlackElo "1543"]
[PlyCount "75"]
[EventDate "2021.10.28"]
[EventRounds "11"]
[EventCountry "BRA"]

1. e4 e5 2. Nf3 Nc6 3. Bb5 Nf6 4. O-O d6 5. d4 Bd7 6. Nc3 Be7 7. Re1 O-O 8.
Bxc6 Bxc6 9. dxe5 Nd7 10. Bf4 Re8 11. exd6 cxd6 12. Bxd6 Qb6 13. Bxe7 Rxe7 14.
Qd4 Qa5 15. b4 Qh5 16. b5 Bxb5 17. Qb4 Qc5 18. Qxc5 Nxc5 19. Nxb5 Nxe4 20. Nd6
f5 21. Nxf5 Rf7 22. g4 Nf6 23. Ne5 Rc7 24. c4 b6 25. Rad1 Re8 26. f4 h6 27. g5
hxg5 28. fxg5 Nh5 29. Ng6 Rxe1+ 30. Rxe1 Kh7 31. Nfh4 Rc6 32. Ne5 Rd6 33. g6+
Kg8 34. Nf7 Rxg6+ 35. Nxg6 Kxf7 36. Ne5+ Kf8 37. Rd1 Ke7 38. Nc6+   1-0

[Event "87o Campeonato Brasileiro Absoluto Final Aberta"]
[Site "Cuiaba MT"]
[Date "2021.10.28"]
[Round "1"]
[Board "50"]
[White "De Avelar, Flavio Henrique"]
[Black "Silva, Kaua Marques"]
[Result "0-1"]
[WhiteElo "1534"]
[BlackElo "2086"]
[PlyCount "116"]
[EventDate "2021.10.28"]
[EventRounds "11"]
[EventCountry "BRA"]

1. d4 c5 2. c3 Nf6 3. Nf3 e6 4. Bf4 b6 5. e3 Bb7 6. Nbd2 Be7 7. Be2 O-O 8. h3
d6 9. O-O a6 10. Qc2 Qc7 11. Rac1 Nbd7 12. Bh2 Rfe8 13. Rfd1 Bf8 14. Bf1 Rac8
15. e4 cxd4 16. Nxd4 Nc5 17. f3 e5 18. Nf5 g6 19. Ne3 Bh6 20. Ng4 Nxg4 21. hxg4
Ne6 22. Rb1 b5 23. Nb3 Red8 24. Nc1 a5 25. Kh1 Qc6 26. Bg1 Kg7 27. Nb3 Ra8 28.
Qe2 a4 29. Nd2 Ba6 30. Qf2 Bf4 31. g3 Bg5 32. Qb6 Qd7 33. Qf2 Qe7 34. Bh2 Qf6
35. Be2 Rac8 36. Nf1 Bb7 37. Ne3 Bxe4 38. Nd5 Bxd5 39. Rxd5 b4 40. c4 Nc7 41.
Rdd1 d5 42. b3 axb3 43. axb3 dxc4 44. Bxc4 Ne6 45. Kg2 Nd4 46. f4 exf4 47. gxf4
Bh4 48. Bg3 Qc6+ 49. Kh3 Bxg3 50. Kxg3 Nb5 51. Qb2+ Nc3 52. Ra1 Qf6 53. Rxd8
Ne4+ 54. Kf3 Qxb2 55. Rxc8 Nd2+ 56. Kg3 Qxa1 57. Bd5 Qc3+ 58. Rxc3 bxc3   0-1

[Event "87o Campeonato Brasileiro Absoluto Final Aberta"]
[Site "Cuiaba MT"]
[Date "2021.10.28"]
[Round "1"]
[Board "51"]
[White "Nunes Jr, Sidney"]
[Black "Braga, Marcelo Melem"]
[Result "1-0"]
[WhiteElo "2084"]
[BlackElo "1531"]
[PlyCount "29"]
[EventDate "2021.10.28"]
[EventRounds "11"]
[EventCountry "BRA"]

1. e4 c6 2. d4 d5 3. e5 Bf5 4. Nf3 Bg4 5. Be2 Bxf3 6. Bxf3 e6 7. O-O c5 8. c4
cxd4 9. cxd5 exd5 10. Qxd4 Nc6 11. Qxd5 Nge7 12. Qe4 Qd4 13. Qe2 Qxe5 14. Bxc6+
Nxc6 15. Qxe5+   1-0

[Event "87o Campeonato Brasileiro Absoluto Final Aberta"]
[Site "Cuiaba MT"]
[Date "2021.10.28"]
[Round "1"]
[Board "52"]
[White "Pironti, Francisco Ferrari"]
[Black "Piccoli, Lucas Fonseca"]
[Result "0-1"]
[WhiteElo "1499"]
[BlackElo "2075"]
[PlyCount "66"]
[EventDate "2021.10.28"]
[EventRounds "11"]
[EventCountry "BRA"]

1. e4 c5 2. Nf3 Nc6 3. d4 cxd4 4. Nxd4 Nf6 5. Nc3 e5 6. Ndb5 d6 7. Bg5 a6 8.
Na3 b5 9. Nd5 Be7 10. Bxf6 Bxf6 11. c4 b4 12. Nc2 O-O 13. g3 Be6 14. Bg2 Bxd5
15. cxd5 Nd4 16. Nxd4 exd4 17. O-O d3 18. Rb1 Qa5 19. Qxd3 Qxa2 20. f4 b3 21.
Qd2 Rac8 22. e5 Rc2 23. Qd4 Be7 24. Be4 dxe5 25. Qxe5 Bf6 26. Qf5 Bd4+ 27. Kh1
g6 28. Qh3 Rxb2 29. Ra1 Rf2 30. Rxf2 Qxf2 31. Rf1 Qe3 32. Bb1 Rd8 33. f5 Qe5
  0-1